| 000 | 00569cam a22002291 4500 | ||
|---|---|---|---|
| 001 | sa 67004400 | ||
| 003 | DLC | ||
| 005 | 20260227112346.0 | ||
| 008 | 900122s1963 ii b 000 0 brao | ||
| 010 | _asa 67004400 | ||
| 035 | _a(OCoLC)20940951 | ||
| 040 |
_aDLC _cWaU _dDLC |
||
| 042 | _apremarc | ||
| 050 | 0 | 0 |
_aPK1967.9.S4 _bZ77 |
| 100 | 1 | _aMisra, Durga Shankar. | |
| 245 | 1 | 0 | _aSenāpati aura unakā kāvya. |
| 260 | _c[1963] | ||
| 300 |
_a207 p. _c19 cm. |
||
| 500 | _aIn Braj. | ||
| 504 | _aBibliographical footnotes. | ||
| 600 | 1 | 0 |
_aSenāpati, _dfl 1649. |
| 999 |
_c74448 _d74448 |
||